El desarrollo territorial, urbano y arquitectónico en Nicaragua 1980-1990 (análisis - crítica)
Presenta los factores condicionantes y determinantes del ordenamiento territorial al urbanismo y la arquitectura en Nicaragua en la década de los 80. Describe un desarrollo teórico de la planificación física y urbana y el sector vivienda en Nicaragua entre 1979 y 1989. Aborda un análisis del o...
| Main Author: | |
|---|---|
| Other Authors: | |
| Format: | Tesis Section = Libro |
| Language: | Undetermined Spanish |
| Published: |
Managua
UNI
1993
|
| Subjects: |
| LEADER | 01114nam a2200205Ia 4500 | ||
|---|---|---|---|
| 008 | 240830s9999 xx 000 0 und d | ||
| 040 | |a BIBLIOTECA-RUSB/ Mon 711 H565 | ||
| 041 | |a spa | ||
| 082 | |a Mon 711 H565 | ||
| 100 | 1 | |a Herrera Montenegro, Juan Francisco | |
| 245 | 1 | 0 | |a El desarrollo territorial, urbano y arquitectónico en Nicaragua 1980-1990 (análisis - crítica) |
| 260 | |a Managua |b UNI |c 1993 | ||
| 300 | |a 346 p. :il. | ||
| 502 | |a Tesis (Arquitecto) - UNI, 1993. | ||
| 520 | 3 | |a Presenta los factores condicionantes y determinantes del ordenamiento territorial al urbanismo y la arquitectura en Nicaragua en la década de los 80. Describe un desarrollo teórico de la planificación física y urbana y el sector vivienda en Nicaragua entre 1979 y 1989. Aborda un análisis del ordenamiento territorial en Nicaragua en la década de los 80{s crecimiento físico de Managua en los años 80, análisis de la arquitectura estatal en los 80 en Nicaragua. | |
| 650 | 7 | |a URBANISMO (PLANIFICACION DEL ESPACIO) | |
| 700 | 1 | |a Tutor: |b Lijachov, Eugenio | |
| 942 | |c BK |2 ddc | ||
| 991 | |a TESIS | ||
| 999 | |c 20832 | ||